| 000 | 00358nam a2200157Ia 4500 | ||
|---|---|---|---|
| 008 | 160316s1994 xxu||||| |||| 00| 0 eng d | ||
| 082 |
_a1.642400 _bDAV |
||
| 100 | _aDavis Stephen R | ||
| 245 | _aOOPs using C++ for dummies | ||
| 250 | _a | ||
| 260 |
_aNew Delhi _bPustak Mahal _c1994 |
||
| 300 |
_a408 _b _c |
||
| 365 | _b135/- | ||
| 650 | _a | ||
| 700 |
_a _a |
||
| 999 |
_c9313 _d9313 |
||